00337nam a2200145Ia 4500008004100000020001500041082001300056100001800069245002000087250000800107260002600115300001200141500002400153650001400177230524s9999 xx 000 0 und d a8127219894 a542bNAY aPadma L.Nayak 0aPolymer Science aIST aMEERUTbKalyanic2008 aXIX;982 aQuantity Number: 3 aChemistry